Diplomatie publique et soft power (notice n° 1631246)

détails MARC
000 -LEADER
fixed length control field 01550cam a2200169 4500500
005 - DATE AND TIME OF LATEST TRANSACTION
control field 20260111104951.0
041 ## - LANGUAGE CODE
Language code of text/sound track or separate title fre
042 ## - AUTHENTICATION CODE
Authentication code dc
100 10 - MAIN ENTRY--PERSONAL NAME
Personal name Lord, Carnes
Relator term author
245 00 - TITLE STATEMENT
Title Diplomatie publique et soft power
260 ## - PUBLICATION, DISTRIBUTION, ETC.
Date of publication, distribution, etc. 2006.<br/>
500 ## - GENERAL NOTE
General note 63
520 ## - SUMMARY, ETC.
Summary, etc. RésuméTrop souvent considérée comme un instrument auxiliaire de la puissance nationale, la « diplomatie publique » peut en réalité grandement contribuer aux objectifs de politique étrangère. Le soft power de Joseph Nye offre un concept très utile pour comprendre comment elle fonctionne. Analyser les relations entre diplomatie publique et soft power dans le contexte actuel de la lutte contre le terrorisme et du Moyen-Orient permet de mieux appréhender la légitimité du projet américain.
520 ## - SUMMARY, ETC.
Summary, etc. Public Diplomacy and Soft PowerOften seen as the last and least of the various instruments of national power, a public diplomacy that adroitly leverages the cultural resources of its society can under some circumstances achieve a great deal. Joseph Nye’s soft power is useful for understanding the larger context in which public diplomacy functions. This article assesses the relationship between public diplomacy and soft power in the contemporary context of the global war on terror and the United States’ new quasi-imperial role in the Middle East.
786 0# - DATA SOURCE ENTRY
Note Politique américaine | 3 | 3 | 2006-01-01 | p. 61-72 | 1771-8848
856 41 - ELECTRONIC LOCATION AND ACCESS
Uniform Resource Identifier <a href="https://shs.cairn.info/revue-politique-americaine-2005-3-page-61?lang=fr&redirect-ssocas=7080">https://shs.cairn.info/revue-politique-americaine-2005-3-page-61?lang=fr&redirect-ssocas=7080</a>

Pas d'exemplaire disponible.

PLUDOC

PLUDOC est la plateforme unique et centralisée de gestion des bibliothèques physiques et numériques de Guinée administré par le CEDUST. Elle est la plus grande base de données de ressources documentaires pour les Étudiants, Enseignants chercheurs et Chercheurs de Guinée.

Adresse

627 919 101/664 919 101

25 boulevard du commerce
Kaloum, Conakry, Guinée

Réseaux sociaux

Powered by Netsen Group @ 2025